000 00565nam a2200241Ia 4500
005 20250425161806.0
008 250425s9999 xx 000 0 und d
020 _a9978790101
041 _aspa
043 _aec
082 _a339
100 _aSIERRA C., ENRIQUE
245 0 _aECUADOR: CALCULOS MACROECONOMICOS
250 _a1A ED.
260 _aEcuador
_bEDIDAC
_c1992
260 _aQUITO
300 _a182
650 _aANALISIS MACROECONOMICO
650 _aCALCULOS MACROECONOMICOS
650 _aMACROECONOMIA
942 _c01
010 _a29257
999 _c216192
_d216192